Statistics for New Zealand All Blacks Rugby - Most World Cup Appearances

Click here to take the quiz!

General Stats

  • This quiz has been taken 176 times
    (13 since last reset)
  • The average score is 12 of 18

Answer Stats

Games Player % Correct
22Richard McCaw
100%
16DanIel Carter
100%
15Ma'a Nonu
100%
15Conrad Smith
100%
17Sean Fitzpatrick
91%
16Kieran Read
91%
19Sam Whitelock
82%
14Jerome Kaino
82%
20Keven Mealamu
73%
14Tony Woodcock
73%
14Brad Thorn
64%
19Sonny Bill Williams
55%
14Reuben Thorne
55%
13Ian Jones
55%
16Ali Williams
45%
12Mils Muliaina
36%
12Gary Whetton
18%
12Sam Cane
9%

Score Distribution

Percentile by Number Answered

Percent of People with Each Score

Your Score History

You have not taken this quiz since the last reset